MECHANICAL PROPERTIES OF SI3N4/Cu JOINT FRICTION-BONDED WITH INTERMEDIATE LAYER OF NIOBIUM AND TITANIUM

Bibliographic Details
Main Authors: Ikeuchi, K. (Author), Ando, M. (Author), Aritoshi, M. (Author), Takahashi, M. (Author)
Format: Article
Language:English

MARC

LEADER 00000nab a2200000uu 4500
001 vtls011480683
003 SK-MaSNL
005 20260303160030.0
008 230222|2004 xo |||||||||||||||||eng|
015 |a SNBRB 
035 |a (urnnbn)urn:nbn:sk:snk:ar-005d7q 
035 |a (uuid)33adb6c5-2a3a-47c5-8cdb-0eeff9d65c74 
035 |a urn:nbn:sk:snk-abd86d 
040 |a SNKBUCL  |b slo  |c SNKBUCL  |e AACR2 
041 0 |a eng 
044 |a xo  |c SK 
100 1 |a Ikeuchi, K.  |4 aut  |9 812894 
245 1 0 |a MECHANICAL PROPERTIES OF SI3N4/Cu JOINT FRICTION-BONDED WITH INTERMEDIATE LAYER OF NIOBIUM AND TITANIUM  |c M. Aritoshi, M. Takahashi, K. Ikeuchi, M. Ando 
246 3 |a MECHANICKÉ VLASTNOSTI FRIKČNÉHO SPOJA SI3N4/Cu S MEDZIVRSTVOU Nb A Ti 
700 1 |a Ando, M.  |4 aut  |9 830156 
700 1 |a Aritoshi, M.  |4 aut  |9 1180300 
700 1 |a Takahashi, M.  |4 aut  |9 812895 
773 0 |t Acta Metallurgica Slovaca : časopis Hutníckej fakulty Technickej univerzity Košice  |g Roč. 10, č. 1 (2004), s. 341-346 
958 |a OND 
958 |a EUIPO 
958 |a article18 
999 |c 2043933  |d 2045863